HANDBOOK OF PRECISION ENGINEERING VOLUME 3 FOR FABRICATION OF NON-METALS (Record no. 584045)

000 -LEADER
fixed length control field 00299nam a22001097a 4500
082 ## - DEWEY DECIMAL CLASSIFICATION NUMBER
Classification number 620.0045 HAN'D
100 ## - MAIN ENTRY--PERSONAL NAME
Personal name DAVIDSON, A
9 (RLIN) 78974
245 ## - TITLE STATEMENT
Title HANDBOOK OF PRECISION ENGINEERING VOLUME 3 FOR FABRICATION OF NON-METALS
260 ## - PUBLICATION, DISTRIBUTION, ETC.
Place of publication, distribution, etc. NEWYORK
Name of publisher, distributor, etc. MCGRAW HILL
Date of publication, distribution, etc. 1966
300 ## - PHYSICAL DESCRIPTION
Extent IX, 270P
942 ## - ADDED ENTRY ELEMENTS (KOHA)
Koha item type Book
Holdings
Withdrawn status Lost status Damaged status Not for loan Permanent Location Current Location Shelving location Date acquired Total Checkouts Full call number Barcode Date last seen Price effective from Koha item type
        College of Electrical & Mechanical Engineering (CEME) College of Electrical & Mechanical Engineering (CEME) Reference 06/21/2017   620.0045 HAN'D CEME-7239 06/28/2021 06/28/2021 Book
© 2023 Central Library, National University of Sciences and Technology. All Rights Reserved.